00302pab a2200121 454500008004000000100002200040245005600062260000900118300001300127362001000140650001000150773002000160180718b2013 xxu||||| |||| 00| 0 eng d aSrivastava, Gouri aGender equality: commitments, concerns and barriers c2013 ap.12-14. a1 Jul aWomen aUniversity News